Difference et subjectivitè-Anthropologie d'un point de vue relationnel (Record n. 67653)

Dettagli MARC
000 -LEADER
fixed length control field 01435nam a2200301Ia 4500
001 - CONTROL NUMBER
control field 1357
003 - CONTROL NUMBER IDENTIFIER
control field IT-RoPAU
008 - FIXED-LENGTH DATA ELEMENTS--GENERAL INFORMATION
fixed length control field 130308s9999 xx 000 0 und d
040 ## - CATALOGING SOURCE
Original cataloging agency IT-RoPAU
040 ## - CATALOGING SOURCE
Transcribing agency IT-RoPAU
041 ## - LANGUAGE CODE
Language code of text/sound track or separate title FRANCESE
999 ## - SYSTEM CONTROL NUMBERS (KOHA)
Koha Dewey Subclass [OBSOLETE] SI
100 ## - MAIN ENTRY--PERSONAL NAME
Personal name Jacques Francis
100 ## - MAIN ENTRY--PERSONAL NAME
Miscellaneous information Codice Aut. SPICS: 12333
245 ## - TITLE STATEMENT
Title Difference et subjectivitè-Anthropologie d'un point de vue relationnel
245 ## - TITLE STATEMENT
Remainder of title Difference et Subjectivite'-Anthropologie D'Un point de Vue Relationnel
250 ## - EDITION STATEMENT
Edition statement 1a ed.
260 ## - PUBLICATION, DISTRIBUTION, ETC. (IMPRINT)
Place of publication, distribution, etc. PARIS
260 ## - PUBLICATION, DISTRIBUTION, ETC. (IMPRINT)
Name of publisher, distributor, etc. Aubier Montaigne
260 ## - PUBLICATION, DISTRIBUTION, ETC. (IMPRINT)
Date of publication, distribution, etc. 1982 [1° Ed.:1982 - Ed.Ling.Originale:1982]
300 ## - PHYSICAL DESCRIPTION
Extent "424 p. (prefazione: no ; testo: 424)"
500 ## - GENERAL NOTE
General note Differenza e Soggettività Antropologia da un Punto di Vista relazionale Identità Personale Genesi dell'io Personale Scoperta Identificatoria Prematurazione Pragmatica Esistenza e Realtà Teoria Dialogia del Desiderio Prima Esperienza Dello Spirito paradigma Teologico Dilemma del Se' relazione di Predilezione Predicati Personali Alterità Personale Aporia del Solipsismo Autoritratto Autobiografia Conoscenza di Se' Soggettività immaginaria Come è Possibile la Coscienza di Se' Coscienza di Se' o Comunicazione con Se Stesso Differenza e Differenziazione Discorso dell'altro Relazione
650 ## - SUBJECT ADDED ENTRY--TOPICAL TERM
Topical term or geographic name as entry element SAGGI DI COMUNICAZIONE SOCIALE
650 ## - SUBJECT ADDED ENTRY--TOPICAL TERM
Relator term Codice materia Spics: 3807
942 ## - ADDED ENTRY ELEMENTS (KOHA)
Koha item type LIBRO
957 ## -
-- 1
999 ## - SYSTEM CONTROL NUMBERS (KOHA)
-- 1
Dati di copia
Withdrawn status Lost status Damaged status Not for loan Home library Current library Date acquired Total Checkouts Full call number Date last seen Price effective from Koha item type Public note
    Buone Condizioni Not For Loan SPICS-MEDIATECA SPICS-MEDIATECA 08/03/2013   1357 08/03/2013 08/03/2013 LIBRO Progressivo inserimento: 15801 / N. Volumi: 1 Copie: 1 Copia Rara: SI / data import: 1 marzo 2013 - By Epidotti, Trombetti, Vaglietti.
CREDITS: SOCIETA' SAN PAOLO Via A.Severo, 58 - ROMA (RM) & PERIODICI SAN PAOLO SRL Via Giotto, 36 MILANO & CISF Via Giotto, 36 MILANO & EDIZIONI SAN PAOLO SRL,  Piazza Soncino, 5 CINISELLO BALSAMO (MI) -- ITALY